000 00475nam a2200181Ia 4500
001 24705
005 20260414151101.0
008 260414t2017||||xx |||||||||||||| ||spa||
041 _aESP
082 _a345.725
_bS92
100 _aSumaria Benavente, Omar
_eAUT
245 0 _aLa tutela cautelar :
_banálisis y revisión crítica de sus presupuestos
260 _c2017
300 _a383 páginas :
_c25 cm.
650 _aDER
654 _aCDE
942 _cLIB
_dJUS
_fJUS
_2ddc
_n
999 _c24705
_d24705